000 00616nam a22002297a 4500
003 UA-OsUOA
001 95429
007 ta
008 20130227b un ||||| |||| 00| 0 ukr d
100 _aЭдлис Ю.
090 _a821.161.1
_bЭ21
942 _cBK
040 _aUA-OsUOA
_brus
_cUA-OsUOA
_dUA-OsUOA
245 _aАнтракт
_bроманы и повести
300 _a496 с.
955 _a3
041 _arus
080 _a821.161.1
260 _aМ.
_bСоветский писатель
_c1989
650 7 _a82 Література. Літературознавство
_2UDC
999 _c381680
_d381680